<?xml version="1.0" encoding="UTF-8"?>
<record
    xmlns:xsi="http://www.w3.org/2001/XMLSchema-instance"
    xsi:schemaLocation="http://www.loc.gov/MARC21/slim http://www.loc.gov/standards/marcxml/schema/MARC21slim.xsd"
    xmlns="http://www.loc.gov/MARC21/slim">

  <leader>01639naa a22002897a 4500</leader>
  <controlfield tag="005">20150723124334.0</controlfield>
  <controlfield tag="008">150723b2015    ck |||| r|||| 00| 0 spa d</controlfield>
  <datafield tag="040" ind1=" " ind2=" ">
    <subfield code="a">CO-BoIAVH</subfield>
    <subfield code="c">CO-BoIAVH</subfield>
  </datafield>
  <datafield tag="041" ind1=" " ind2=" ">
    <subfield code="a">spa</subfield>
  </datafield>
  <datafield tag="044" ind1=" " ind2=" ">
    <subfield code="a">ck</subfield>
  </datafield>
  <datafield tag="100" ind1="1" ind2=" ">
    <subfield code="a">Tejda Tovar, Candelaria</subfield>
    <subfield code="9">36125</subfield>
  </datafield>
  <datafield tag="245" ind1="1" ind2="0">
    <subfield code="a">Absorci&#xF3;n de Cromo Hexavalante en soluciones acuosas por casacaras de naranja</subfield>
    <subfield code="b">(Citrus sinensis) /</subfield>
    <subfield code="c">Calendaria Tejada Tovar, Edgar Qui&#xF1;ones Bola&#xF1;os... [et. al.]</subfield>
  </datafield>
  <datafield tag="260" ind1="3" ind2=" ">
    <subfield code="a">Caldas, Antioqu&#xED;a (Colombia):</subfield>
    <subfield code="b">Corporaci&#xF3;n Universitaria Lasallista,</subfield>
    <subfield code="c">2015.</subfield>
  </datafield>
  <datafield tag="300" ind1=" " ind2=" ">
    <subfield code="a"> A&#xF1;o 2015, Nro 1, Enero-Junio, Pag. 9-21.</subfield>
  </datafield>
  <datafield tag="504" ind1=" " ind2=" ">
    <subfield code="a">Incluye referencias bibliogr&#xE1;ficas (P&#xE1;g. 20-21).</subfield>
  </datafield>
  <datafield tag="520" ind1=" " ind2=" ">
    <subfield code="a">El cromo se encuentra en efluentes industriales principalmente como Cr (III) y (Cr (VI); este ultimo es altamente t&#xF3;xico para todas las formas de vida, adem&#xE1;s de mutag&#xE9;nico y carcig&#xE9;nico en el hombre. El objetivo es estudiar la c&#xE1;scara de naranja (Citrus sinesis) como absorvente de Cr (VI) en soluciones acuosas.</subfield>
  </datafield>
  <datafield tag="546" ind1=" " ind2=" ">
    <subfield code="a">Resumen tambi&#xE9;n en ingl&#xE9;s y portugu&#xE9;s.</subfield>
  </datafield>
  <datafield tag="650" ind1=" " ind2="4">
    <subfield code="a">Sustancias qu&#xED;micas</subfield>
    <subfield code="v">Investigaci&#xF3;n</subfield>
    <subfield code="x">Naranja dulce</subfield>
    <subfield code="9">36217</subfield>
  </datafield>
  <datafield tag="650" ind1=" " ind2="4">
    <subfield code="a">Sustancias qu&#xED;micas</subfield>
    <subfield code="v">Investigaci&#xF3;n</subfield>
    <subfield code="x">Citrus sinensis</subfield>
    <subfield code="9">36218</subfield>
  </datafield>
  <datafield tag="650" ind1=" " ind2="4">
    <subfield code="a">Naranja Dulce</subfield>
    <subfield code="v">Investigaci&#xF3;n</subfield>
    <subfield code="x">C&#xE1;scara</subfield>
    <subfield code="9">36219</subfield>
  </datafield>
  <datafield tag="650" ind1=" " ind2="4">
    <subfield code="a">Citrus sinensis</subfield>
    <subfield code="v">Investigaci&#xF3;n</subfield>
    <subfield code="x">C&#xE1;scara</subfield>
    <subfield code="9">36220</subfield>
  </datafield>
  <datafield tag="700" ind1="1" ind2=" ">
    <subfield code="a">Qui&#xF1;omes Bola&#xF1;os, Edgar</subfield>
    <subfield code="9">36130</subfield>
  </datafield>
  <datafield tag="700" ind1="1" ind2=" ">
    <subfield code="a">Tejada Ben&#xED;tez, Lesly</subfield>
    <subfield code="9">36131</subfield>
  </datafield>
  <datafield tag="700" ind1="1" ind2=" ">
    <subfield code="a">Marim&#xF3;n Bol&#xED;var, Wilfredo</subfield>
    <subfield code="9">36132</subfield>
  </datafield>
  <datafield tag="773" ind1="0" ind2=" ">
    <subfield code="d">Caldas (Antioquia) :  Corporaci&#xF3;n Universitaria Lasallista,  2006- .</subfield>
    <subfield code="o">042058</subfield>
    <subfield code="t">Producci&#xF3;n m&#xE1;s limpia / </subfield>
    <subfield code="x">19090455</subfield>
  </datafield>
  <datafield tag="942" ind1=" " ind2=" ">
    <subfield code="2">z</subfield>
    <subfield code="c">ARTICULO</subfield>
  </datafield>
  <datafield tag="999" ind1=" " ind2=" ">
    <subfield code="c">17613</subfield>
    <subfield code="d">17613</subfield>
  </datafield>
</record>
